Halomethyl-metal compounds LVII. A convenient synthesis of aryl (trifluoromethyl) mercury compounds (Record no. 45528)

MARC details
000 -LEADER
fixed length control field 00422nam a2200133Ia 4500
100 ## - MAIN ENTRY--AUTHOR NAME
Personal name Seyferth Dietmar
245 #0 - TITLE STATEMENT
Title Halomethyl-metal compounds LVII. A convenient synthesis of aryl (trifluoromethyl) mercury compounds
260 ## - PUBLICATION, DISTRIBUTION, ETC. (IMPRINT)
Name of publisher Journal of Organometallic Chemistry
Year of publication 1972
300 ## - PHYSICAL DESCRIPTION
Number of Pages 201-209
700 ## - ADDED ENTRY--PERSONAL NAME
Personal name Hopper Steven P
700 ## - ADDED ENTRY--PERSONAL NAME
Personal name Murphy Gerald J
942 ## - ADDED ENTRY ELEMENTS (KOHA)
Koha item type Reprints
Holdings
Withdrawn status Lost status Damaged status Not for loan Home library Current library Shelving location Date acquired Serial Enumeration / chronology Accession Number Koha item type
      Reprints RRII Library RRII Library Rubber chemistry 22/12/2021 Volume 46, Issue P0850 Reprints